Geboren in Gera - Statistiken

Allgemein
  • Dieses Quiz wurde 19 mal gespielt
    4 seit der letzten Aktualisierung
  • Das Durchschnittsergebnis liegt bei 3 aus 11
Antwortstatistiken
Hinweis Antwort % Korrekt
Maler, "Der Krieg" "Die Skatspieler" 1891 Otto Dix
75%
Wirtschaftsminister von Thüringen, ehemaliger SPD-Landesvorsitzender und Bundesverkehrsminister von 2005 bis 2009 1955 Wolfgang Tiefensee
75%
SPD-Politikerin und Beauftragte der Bundesregierung für Ostdeutschland seit 2025 1987 Elisabeth Kaiser
50%
ehemaliger SPD-Politiker, Finanzsenator von Berlin und Vorstandsmitglied der Deutschen Bundesbank, bekannt durch seine kontroversen Bestseller wie "Deutschland schafft sich ab" 1945 Thilo Sarrazin
50%
ehemaliger Radrennfahrer und Olympiasieger 1960 Olaf Ludwig
25%
Regisseur, "Gundermann" "Als wir träumten" "Halt auf freier Strecke" 1963 Andreas Dresen
0%
Grünen-Politikerin und stellvertrende Ministerpräsidentin von Thüringen von 2014 bis 2023 1977 Anja Siegesmund
0%
Fußballnationalspielerin, Turbine Potsdam 1990 Bianca Schmidt
0%
Fußballtrainer der DDR-Nationalmannschaft von 1970 bis 1981 1925 Georg Buschner
0%
Radrennfahrer und Gewinner von prestigeträchtigen Eintagesrennen wie Paris-Roubaix und Mailand-Sanremo 1989 John Degenkolb
0%
FDP-Politiker und Bundesbildungsminister von 1991 bis 1994 1944 Rainer Ortleb
0%
Keine übereinstimmenden Quizze gefunden
Verteilung der Resultate
Anzahl Personen mit jedem Resultat
Perzentil nach korrekt beantworteten Fragen
Ihre Resultats-Entwicklung
Sie haben dieses Quiz seit der letzten Aktualisierung nicht gespielt